00672nam a2200217 a 450000100060000000300080000600500170001400800410003103500190007204000330009104100080012408200230013210000500015524500710020525000120027626000550028830000290034350000190037265000350039170000280042646460BD-RjUL20211209054144.0160802s1963 enka 001 0 eng d a(BD-RjUL)46578 aWSUcWSUdOCLdUKMdEQObeng aeng04a346.7307bROE 19631 aRosenberg, R. Robertq(Reuben Robert),d1900-10aEssentials of business law /bR. Robert Rosenberg, Floyal L. Crank a3rd ed. aLondon :bGregg Pub. Division, McGraw-Hill,cc1963 a377 p. :bill. ;c22 cm. aIncludes index 0aCommercial lawzUnited States.1 aCrank, Floyd L.,d1919-